00433nam a2200157Ia 4500008004100000020001400041082001700055100002300072245003700095250000800132260004500140300002900185500001900214600002700233650001500260240925s9999 xx 000 0 und d a130834432 a621.3822 OPP aOppenheim ,Alan V. 0aDiscrete-Time Signal Processing  a2nd aNew Jersey:bPrintice- Hall Int.c,2004. axxvi,870p.bNAfOriginal aIncludes Index aElectronic Engineering aTechnology